LIBRARY & INFORMATION CENTRE, KCAET, TAVANUR

ONLINE PUBLIC ACCESS CATALOGUE (OPAC)

Fifty model Essays / (Record no. 977)

MARC details
000 -LEADER
fixed length control field 00392cam a2200157ua 4500
041 ## - LANGUAGE CODE
Language code of text/sound track or separate title eng
082 ## - DEWEY DECIMAL CLASSIFICATION NUMBER
Classification number 824
Item number MIL/FI
100 ## - MAIN ENTRY--AUTHOR NAME
Personal name Miller, Joyce .
245 ## - TITLE STATEMENT
Title Fifty model Essays /
250 ## - EDITION STATEMENT
Edition statement 33 /
260 ## - PUBLICATION, DISTRIBUTION, ETC. (IMPRINT)
Place of publication Bombay :
Name of publisher B.B.Taraporevala sons and co. pvt Ltd ,
Year of publication 1963.
300 ## - PHYSICAL DESCRIPTION
Number of Pages 100 ; .
942 ## - ADDED ENTRY ELEMENTS (KOHA)
Koha item type Books
Holdings
Withdrawn status Lost status Damaged status Home library Current library Date acquired Full call number Accession Number Koha item type
Withdrawn     KAUAET Sanskrit University 07/04/2012 824 9887 Books
free website counter